<?xml version="1.0" encoding="UTF-8"?>
<record
    xmlns:xsi="http://www.w3.org/2001/XMLSchema-instance"
    xsi:schemaLocation="http://www.loc.gov/MARC21/slim http://www.loc.gov/standards/marcxml/schema/MARC21slim.xsd"
    xmlns="http://www.loc.gov/MARC21/slim">

  <leader>02332nam a22002777a 4500</leader>
  <datafield tag="999" ind1=" " ind2=" ">
    <subfield code="c">21724</subfield>
    <subfield code="d">21724</subfield>
  </datafield>
  <controlfield tag="003">AR-CdUCM</controlfield>
  <controlfield tag="008">190425b           ||||| |||| 00| 0 spa d</controlfield>
  <datafield tag="040" ind1=" " ind2=" ">
    <subfield code="a">MUNICIPALIDAD PROVINCIAL DEL CUSCO</subfield>
    <subfield code="c">BIBLIOTECA MUNICIPAL DEL CUSCO</subfield>
  </datafield>
  <datafield tag="082" ind1=" " ind2=" ">
    <subfield code="a">Rev.Univ/N&#xB0;63/1932</subfield>
    <subfield code="b">Rev.Univ/N&#xB0;63/1932</subfield>
  </datafield>
  <datafield tag="110" ind1=" " ind2=" ">
    <subfield code="a">Universidad Nacional de San Antonio Abad del Cusco</subfield>
    <subfield code="9">15942</subfield>
  </datafield>
  <datafield tag="245" ind1=" " ind2=" ">
    <subfield code="a">Revista Universitaria :</subfield>
    <subfield code="b">&#xD3;rgano de la Universidad Menor del Cuzco fundada en 1696 /</subfield>
  </datafield>
  <datafield tag="260" ind1=" " ind2=" ">
    <subfield code="a">Cusco :</subfield>
    <subfield code="b">H. G. Rozas,</subfield>
    <subfield code="c"> 1932.</subfield>
  </datafield>
  <datafield tag="300" ind1=" " ind2=" ">
    <subfield code="a">200 p&#xE1;ginas. :</subfield>
    <subfield code="c">20 cm.</subfield>
  </datafield>
  <datafield tag="440" ind1=" " ind2=" ">
    <subfield code="a">Revista Universitaria</subfield>
    <subfield code="n">A&#xF1;o XXI, 2&#xB0; semestre 1932, N&#xB0;63</subfield>
    <subfield code="9">45871</subfield>
  </datafield>
  <datafield tag="505" ind1=" " ind2=" ">
    <subfield code="a">Contenido: Discursos pronunciados en el acto del sepelio de los restos del doctor Antonio Lorena. -- Antonio Lorena. La medicina y la trepanaci&#xF3;n incanas. -- Las Nevadas de Arequipa. -- Lago Tititcaca. -- Estado Social del Cuzco. -- Discurso pronunciado en la clausura del colegio Nacional de Ciencias. -- Los temblores de Zurite. -- Etiolog&#xED;a del bocio y cretinismo en la hoya del Vilcamayo. -- Apuntes de un estudio de climatolog&#xED;a. -- El Cuzco y su clima. -- Las leguminosas arb&#xF3;reas de Yucay. -- El Eucalipto y su hu&#xE9;sped. -- Discurso pronunciado en la velada literario musical de la Universidad en honor del presidente Dr. Dn. Jos&#xE9; Pardo. -- El ba&#xF1;o del Inca. -- Un pedazo de f&#xE1;rrago de mis recuerdos Venecia. -- Algunos materiales para la Antropolog&#xED;a del Cuzco. -- Cronolog&#xED;a geol&#xF3;gica y arqueol&#xF3;gica. -- El color de las flores y los frutos precoces. -- Varios algos sueltos de Am&#xE9;rica y Cuzco. -- Los terrales de Arequipa. -- La sequ&#xED;a y los abonos. -- Vegetales ex&#xF3;ticos y vegetales adventicios de los alrededores del Cuzco. -- Influencia de los asi&#xE1;ticos y polinesios en Am&#xE9;rica. -- La inmigraci&#xF3;n de los vegetales en la secci&#xF3;n occidental del Cuzco. -- Falus.  </subfield>
  </datafield>
  <datafield tag="650" ind1=" " ind2=" ">
    <subfield code="a">Arqueolog&#xED;a</subfield>
    <subfield code="9">371</subfield>
  </datafield>
  <datafield tag="650" ind1=" " ind2=" ">
    <subfield code="a">Bot&#xE1;nica cusque&#xF1;a</subfield>
    <subfield code="9">45807</subfield>
  </datafield>
  <datafield tag="650" ind1=" " ind2=" ">
    <subfield code="a">Cultura Inka</subfield>
    <subfield code="9">7102</subfield>
  </datafield>
  <datafield tag="650" ind1=" " ind2=" ">
    <subfield code="a">Antonio Lorena</subfield>
    <subfield code="9">45872</subfield>
  </datafield>
  <datafield tag="650" ind1=" " ind2=" ">
    <subfield code="a">Geolog&#xED;a</subfield>
    <subfield code="9">17044</subfield>
  </datafield>
  <datafield tag="700" ind1=" " ind2=" ">
    <subfield code="a">Lorena, Antonio</subfield>
    <subfield code="9">45873</subfield>
  </datafield>
  <datafield tag="710" ind1=" " ind2=" ">
    <subfield code="a">Universidad Nacional de San Antonio Abad del Cusco</subfield>
    <subfield code="9">15942</subfield>
  </datafield>
  <datafield tag="942" ind1=" " ind2=" ">
    <subfield code="2">ddc</subfield>
    <subfield code="c">PP</subfield>
  </datafield>
  <datafield tag="945" ind1=" " ind2=" ">
    <subfield code="a">rac</subfield>
  </datafield>
  <datafield tag="952" ind1=" " ind2=" ">
    <subfield code="0">0</subfield>
    <subfield code="2">ddc</subfield>
    <subfield code="4">0</subfield>
    <subfield code="7">0</subfield>
    <subfield code="a">HEM</subfield>
    <subfield code="b">HEM</subfield>
    <subfield code="c">CART</subfield>
    <subfield code="d">2021-04-23</subfield>
    <subfield code="g">10.00</subfield>
    <subfield code="o">Rev.Univ/N&#xB0;63/1932</subfield>
    <subfield code="p">REVC000083</subfield>
    <subfield code="r">2021-04-23</subfield>
    <subfield code="y">PP</subfield>
  </datafield>
  <datafield tag="952" ind1=" " ind2=" ">
    <subfield code="0">0</subfield>
    <subfield code="2">ddc</subfield>
    <subfield code="4">0</subfield>
    <subfield code="7">0</subfield>
    <subfield code="a">HEM</subfield>
    <subfield code="b">HEM</subfield>
    <subfield code="c">CART</subfield>
    <subfield code="d">2021-04-23</subfield>
    <subfield code="g">10.00</subfield>
    <subfield code="o">Rev.Univ/N&#xB0;63/1932/e.2</subfield>
    <subfield code="p">REVC000085</subfield>
    <subfield code="r">2021-04-23</subfield>
    <subfield code="y">PP</subfield>
  </datafield>
  <datafield tag="952" ind1=" " ind2=" ">
    <subfield code="0">0</subfield>
    <subfield code="2">ddc</subfield>
    <subfield code="4">0</subfield>
    <subfield code="7">0</subfield>
    <subfield code="a">HEM</subfield>
    <subfield code="b">HEM</subfield>
    <subfield code="c">CART</subfield>
    <subfield code="d">2021-04-23</subfield>
    <subfield code="g">10.00</subfield>
    <subfield code="o">Rev.Univ/N&#xB0;63/1932/e.3</subfield>
    <subfield code="p">REVC000086</subfield>
    <subfield code="r">2021-04-23</subfield>
    <subfield code="y">PP</subfield>
  </datafield>
  <datafield tag="952" ind1=" " ind2=" ">
    <subfield code="0">0</subfield>
    <subfield code="2">ddc</subfield>
    <subfield code="4">0</subfield>
    <subfield code="7">0</subfield>
    <subfield code="a">HEM</subfield>
    <subfield code="b">HEM</subfield>
    <subfield code="c">CART</subfield>
    <subfield code="d">2021-04-23</subfield>
    <subfield code="g">10.00</subfield>
    <subfield code="o">Rev.Univ/N&#xB0;63/1932/e.4</subfield>
    <subfield code="p">REVC000087</subfield>
    <subfield code="r">2021-04-23</subfield>
    <subfield code="y">PP</subfield>
  </datafield>
</record>
